000 00386nam a2200133Ia 4500
008 231129s9999||||xx |||||||||||||| ||spa||
020 _a84-206-3630-4 (v.1).
040 _bspa
082 _aR 292.003 F181d
100 _aFalcón Martí­nez Constantino
245 0 _aDiccionario de mitologí­a clásica
264 _aAlianza Editorial
942 _2ddc
_cBKS
999 _c9368
_d9368